| 000 -CABECERA |
| fixed length control field |
01084nam a22002777a 4500 |
| 003 - IDENTIFICADOR DEL NÚMERO DE CONTROL |
| control field |
AR-CdUCM |
| 008 - DATOS DE LONGITUD FIJA--INFORMACIÓN GENERAL |
| fixed length control field |
190329b ||||| |||| 00| 0 spa d |
| 040 ## - FUENTE DE LA CATALOGACIÓN |
| Agencia/entidad que catalogó originalmente la obra |
MUNICIPALIDAD PROVINCIAL DEL CUSCO |
| Entidad que transcribió la catalogación |
BIBLIOTECA MUNICIPAL DEL CUSCO |
| 082 ## - NÚMERO DE LA CLASIFICACIÓN DECIMAL DEWEY |
| No. de Clasificación |
869.56 / |
| Notacion interna |
R 1 / 1954 |
| 110 ## - ENTRADA PRINCIPAL--NOMBRE DE ENTIDAD CORPORATIVA |
| Nombre de la institución, jurisdicción como entrada principal |
Asociación Nacional de Escritores y Artistas |
| 9 (RLIN) |
20469 |
| 245 ## - MENCIÓN DE TÍTULO |
| Título |
"Cuatro cantos a Ramón Castilla" / |
| 260 ## - PUBLICACIÓN, DISTRIBUCIÓN, ETC. |
| Lugar de publicación, distribución, etc. |
[Lima] : |
| Nombre de la editorial, distribuidor, etc. |
Bardelli Estremadoyro S.C., |
| Fecha de publicación, distribución, etc. |
1954. |
| 300 ## - DESCRIPCIÓN FÍSICA |
| Nº de Páginas Extensión |
[s.n] ; |
| Otros detalles físicos |
fotografías ; |
| Dimensiones |
24.5 cm. |
| 505 ## - NOTA DE CONTENIDO CON FORMATO |
| Nota de contenido formateada |
Homenaje al Libertador Ramón Castilla, de la Asociación Nacional de Escritores. -- Selección de poemas. |
| 650 ## - PUNTO DE ACCESO ADICIONAL DE MATERIA--TÉRMINO DE MATERIA |
| Descriptor |
Poesía peruana - Siglo XX |
| 9 (RLIN) |
14083 |
| 650 ## - PUNTO DE ACCESO ADICIONAL DE MATERIA--TÉRMINO DE MATERIA |
| Descriptor |
Poetas peruanos |
| 9 (RLIN) |
1611 |
| 650 ## - PUNTO DE ACCESO ADICIONAL DE MATERIA--TÉRMINO DE MATERIA |
| Descriptor |
Poesía conmemorativa - Ramón Castilla |
| 9 (RLIN) |
26584 |
| 650 ## - PUNTO DE ACCESO ADICIONAL DE MATERIA--TÉRMINO DE MATERIA |
| Descriptor |
Poesía contemporánea peruana |
| 9 (RLIN) |
15003 |
| 700 ## - PUNTO DE ACCESO ADICIONAL--NOMBRE DE PERSONA |
| Nombre Personal |
Ríos, Juan |
| 9 (RLIN) |
12443 |
| 700 ## - PUNTO DE ACCESO ADICIONAL--NOMBRE DE PERSONA |
| Nombre Personal |
Pérez Luna, Edgardo |
| 9 (RLIN) |
26585 |
| 700 ## - PUNTO DE ACCESO ADICIONAL--NOMBRE DE PERSONA |
| Nombre Personal |
Ferreyros, Carlos E. |
| 9 (RLIN) |
26586 |
| 700 ## - PUNTO DE ACCESO ADICIONAL--NOMBRE DE PERSONA |
| Nombre Personal |
Samaniego, Antenor (Poetas) |
| 9 (RLIN) |
26587 |
| 942 ## - ELEMENTOS DE PUNTO DE ACCESO ADICIONAL (KOHA) |
| Fuente de clasificación |
|
| Tipo de item |
Libros-BMC |
| 945 ## - PROCESAMIENTO DE INFORMACIÓN LOCAL (OCLC) |
| Catalogador |
lccs |